|
|
|
|
| LEADER |
01232nam a2200301 a 4500 |
| 001 |
17551 |
| 003 |
BD-DhAAL |
| 005 |
20140608150525.0 |
| 008 |
140608s1997 nyu b 001 0 eng |
| 010 |
|
|
|a 96041479
|
| 020 |
|
|
|a 0415912490
|
| 020 |
|
|
|a 0415912504 (pbk.)
|
| 040 |
|
|
|a DLC
|c DLC
|d DLC
|d BD-DhAAL
|
| 041 |
|
|
|a eng
|
| 050 |
0 |
0 |
|a HQ1233
|b .S78 1997
|
| 082 |
0 |
0 |
|a 305.42/01
|2 20
|
| 100 |
1 |
|
|a Sturgeon, Noel,
|d 1956-
|9 4754
|
| 245 |
1 |
0 |
|a Ecofeminist natures :
|b race, gender, feminist theory, and political action /
|c Noel Sturgeon.
|
| 260 |
|
|
|a New York :
|b Routledge,
|c 1997.
|
| 300 |
|
|
|a xii, 260 p. ;
|c 24 cm.
|
| 504 |
|
|
|a Includes bibliographical references (p. [235]-250) and index.
|
| 541 |
|
|
|e 17551
|
| 650 |
|
0 |
|a Ecofeminism.
|9 4699
|
| 856 |
4 |
2 |
|3 Publisher description
|u http://www.loc.gov/catdir/enhancements/fy0651/96041479-d.html
|
| 856 |
4 |
2 |
|3 Contributor biographical information
|u http://www.loc.gov/catdir/enhancements/fy1102/96041479-b.html
|
| 942 |
|
|
|2 ddc
|c BK
|
| 999 |
|
|
|c 14394
|d 14394
|
| 952 |
|
|
|0 0
|1 0
|2 ddc
|4 0
|6 305_420100000000000_STU
|7 0
|9 24392
|a BRACUL
|b BRACUL
|c GEN
|d 2014-06-08
|l 1
|o 305.4201 STU
|p 3010017551
|r 2026-03-08
|s 2026-02-26
|t 1
|w 2014-06-08
|y BK
|x Transferred from ENH to Ayesha Abed library on 20/12/2023
|